Kỹ thuật cắt tỉa rau củ quả

Bewaard in:
Bibliografische gegevens
Formaat: Boek
Taal:Undetermined
Gepubliceerd in: Hà Nội Nhà xuất bản Hà Nội 2003
Onderwerpen:
Tags: Voeg label toe
Geen labels, Wees de eerste die dit record labelt!
Thư viện lưu trữ: Trung tâm Học liệu Trường Đại học Cần Thơ
LEADER 00526nam a2200181Ia 4500
001 CTU_60409
008 210402s9999 xx 000 0 und d
020 |b 18000 
082 |a 745.92 
082 |b K600 
245 0 |a Kỹ thuật cắt tỉa rau củ quả 
245 0 |c Nguyễn Thị Tuyết ... [et al.] 
260 |a Hà Nội 
260 |b Nhà xuất bản Hà Nội 
260 |c 2003 
650 |a Decorative arts 
904 |i Minh, Năm 
980 |a Trung tâm Học liệu Trường Đại học Cần Thơ